MARC details
| 000 -LEADER |
| fixed length control field |
02794nkm a2200613 a 4500 |
| 001 - CONTROL NUMBER |
| control field |
20121 |
| 003 - CONTROL NUMBER IDENTIFIER |
| control field |
VRT |
| 005 - DATE AND TIME OF LATEST TRANSACTION |
| control field |
20260116144536.0 |
| 007 - PHYSICAL DESCRIPTION FIXED FIELD--GENERAL INFORMATION |
| fixed length control field |
kf co |
| 008 - FIXED-LENGTH DATA ELEMENTS--GENERAL INFORMATION |
| fixed length control field |
231120s1976 xo g kuslo |
| 015 ## - NATIONAL BIBLIOGRAPHY NUMBER |
| National bibliography number |
SNBG1976 |
| 035 ## - SYSTEM CONTROL NUMBER |
| System control number |
urn:nbn:sk:snk-km00ebfc |
| 035 ## - SYSTEM CONTROL NUMBER |
| System control number |
urn:nbn:sk:snk-km43fqw |
| 035 ## - SYSTEM CONTROL NUMBER |
| System control number |
AEFD3C5C-5EB5-4EDE-96CE-1208FD2B3982 |
| 039 #9 - LEVEL OF BIBLIOGRAPHIC CONTROL AND CODING DETAIL [OBSOLETE] |
| Level of rules in bibliographic description |
202403281052 |
| Level of effort used to assign nonsubject heading access points |
msnk122 |
| Level of effort used to assign subject headings |
202312111035 |
| Level of effort used to assign classification |
msnk122 |
| Level of effort used to assign subject headings |
202311201354 |
| Level of effort used to assign classification |
VLOAD |
| Level of effort used to assign subject headings |
202307180853 |
| Level of effort used to assign classification |
VLOAD |
| 040 ## - CATALOGING SOURCE |
| Original cataloging agency |
SNK |
| Language of cataloging |
slo |
| Transcribing agency |
SNK |
| Description conventions |
AACR2 |
| 041 0# - LANGUAGE CODE |
| Language code of text/sound track or separate title |
slo |
| 043 ## - GEOGRAPHIC AREA CODE |
| Geographic area code |
e-xo--- |
| 044 ## - COUNTRY OF PUBLISHING/PRODUCING ENTITY CODE |
| MARC country code |
xo |
| ISO country code |
SK |
| 072 #7 - SUBJECT CATEGORY CODE |
| Subject category code |
908(437) |
| Subject category code subdivision |
Vlastiveda Česka a Slovenska |
| Source |
konspekt |
| 080 ## - UNIVERSAL DECIMAL CLASSIFICATION NUMBER |
| Universal Decimal Classification number |
913(437.6) |
| Edition identifier |
2011 |
| 080 ## - UNIVERSAL DECIMAL CLASSIFICATION NUMBER |
| Universal Decimal Classification number |
640.43 |
| Edition identifier |
2011 |
| 080 ## - UNIVERSAL DECIMAL CLASSIFICATION NUMBER |
| Universal Decimal Classification number |
(084.121) |
| Edition identifier |
2011 |
| 080 ## - UNIVERSAL DECIMAL CLASSIFICATION NUMBER |
| Universal Decimal Classification number |
908(437.6) |
| Edition identifier |
2011 |
| 080 ## - UNIVERSAL DECIMAL CLASSIFICATION NUMBER |
| Universal Decimal Classification number |
551.435.4 |
| Edition identifier |
2011 |
| 080 ## - UNIVERSAL DECIMAL CLASSIFICATION NUMBER |
| Universal Decimal Classification number |
502.21(1-751.2) |
| Edition identifier |
2011 |
| 080 ## - UNIVERSAL DECIMAL CLASSIFICATION NUMBER |
| Universal Decimal Classification number |
556.53 |
| Edition identifier |
2011 |
| 100 1# - MAIN ENTRY--PERSONAL NAME |
| Personal name |
Jiroušek, Ladislav, |
| Dates associated with a name |
1943-2019 |
| Relationship |
pht |
| 245 10 - TITLE STATEMENT |
| Title |
Chránená krajinná oblasť Slovenský raj |
| Medium |
grafika |
| Remainder of title |
Kláštorisko |
| Statement of responsibility, etc. |
foto: L. Jiroušek |
| 246 1# - VARYING FORM OF TITLE |
| Display text |
Názov na adresnej časti: |
| Title proper/short title |
Prielom Hornádu, večný dážď |
| 246 1# - VARYING FORM OF TITLE |
| Display text |
Názov na adresnej časti: |
| Title proper/short title |
Orientačná tabuľa pred reštauráciou |
| 246 1# - VARYING FORM OF TITLE |
| Display text |
Názov na adresnej časti: |
| Title proper/short title |
Roklina Suchá Belá |
| 246 1# - VARYING FORM OF TITLE |
| Display text |
Názov na adresnej časti: |
| Title proper/short title |
Pohľad z Kláštoriska na Vysoké Tatry |
| 260 ## - PUBLICATION, DISTRIBUTION, ETC. |
| Place of publication, distribution, etc. |
Bratislava |
| Name of publisher, distributor, etc. |
ČSTK-Pressfoto |
| Date of publication, distribution, etc. |
1976 |
| Place of manufacture |
Skalica |
| Manufacturer |
Grafobal |
| 300 ## - PHYSICAL DESCRIPTION |
| Extent |
1 pohľadnica (6 čiastkových pohľadov) |
| Other physical details |
farebná |
| Dimensions |
11 x 22 cm |
| 500 ## - GENERAL NOTE |
| General note |
Názvové údaje prevzaté z obrazovej časti pohľadnice |
| 520 8# - SUMMARY, ETC. |
| Summary, etc. |
Zobrazenie: V bielom orámovaní zasnežené pohľady na zamrznutý prielom Hornádu, na orientačnú tabuľu pred reštauráciou, pri ktorej stoja ľudia, na zasneženú roklinu s dreveným rebríkom, na ktorom je muž a na Vysoké Tatry v diaľke. V strede dole je na žltom podklade názov a nad ním na zelenom podklade v bielom orámovaní na červenom kruhu sú dva prekrýžené, červeno-biele šípy |
| 650 07 - SUBJECT ADDED ENTRY--TOPICAL TERM |
| Topical term or geographic name entry element |
skalné útvary |
| Source of heading or term |
SNKPH |
| 650 07 - SUBJECT ADDED ENTRY--TOPICAL TERM |
| Topical term or geographic name entry element |
národné parky |
| Source of heading or term |
SNKPH |
| 650 07 - SUBJECT ADDED ENTRY--TOPICAL TERM |
| Topical term or geographic name entry element |
reštaurácie |
| Source of heading or term |
SNKPH |
| 650 07 - SUBJECT ADDED ENTRY--TOPICAL TERM |
| Topical term or geographic name entry element |
rieky |
| Source of heading or term |
SNKPH |
| 651 #7 - SUBJECT ADDED ENTRY--GEOGRAPHIC NAME |
| Geographic name |
Slovenský raj (Slovensko : pohorie) |
| Source of heading or term |
SNKPHgeo |
| 651 #7 - SUBJECT ADDED ENTRY--GEOGRAPHIC NAME |
| Geographic name |
Kláštorisko (Slovensko : turistická oblasť) |
| Source of heading or term |
SNKPHgeo |
| 651 #7 - SUBJECT ADDED ENTRY--GEOGRAPHIC NAME |
| Geographic name |
Národný park Slovenský raj (Slovensko) |
| Source of heading or term |
SNKPHgeo |
| 651 #7 - SUBJECT ADDED ENTRY--GEOGRAPHIC NAME |
| Geographic name |
Prírodná rezervácia Suchá Belá (Slovensko) |
| Source of heading or term |
SNKPHgeo |
| 651 #7 - SUBJECT ADDED ENTRY--GEOGRAPHIC NAME |
| Geographic name |
Vysoké Tatry (Poľsko a Slovensko : pohorie) |
| Source of heading or term |
SNKPHgeo |
| 651 #7 - SUBJECT ADDED ENTRY--GEOGRAPHIC NAME |
| Geographic name |
Hornád (Slovensko a Maďarsko : rieka) |
| Source of heading or term |
SNKPHgeo |
| 655 #7 - INDEX TERM--GENRE/FORM |
| Genre/form data or focus term |
miestne pohľadnice |
| Source of term |
SNKPH |
| 655 #7 - INDEX TERM--GENRE/FORM |
| Genre/form data or focus term |
geografické pohľadnice |
| Source of term |
SNKPH |
| 942 ## - ADDED ENTRY ELEMENTS (KOHA) |
| Source of classification or shelving scheme |
Dewey Decimal Classification |
| Koha item type |
Odborná literatúra pre dospelých |
| Suppress in OPAC |
No |
| 949 ## - LOCAL PROCESSING INFORMATION (OCLC) |
| 6 |
17A1287007 |
| a |
snkSP 88509 |
| s |
6100:20190902 |